000 00502nam a2200157Ia 4500
003 GCL
008 140319s9999 xx 000 0 ara d
040 _aGCL /
_cGCL
082 0 4 _a616.89
_bل ك
100 1 _aلطفى عبدالعزيز الشربينى
245 1 0 _aكل ما يهمك عن الامراض النفسية فى 100 سؤال و جواب /
_cلطفى عبدالعزيز الشربينى
300 _a152 ص
490 _a
650 0 4 _aالامراض النفسية
942 _2ddc
_cBK
999 _c41325
_d41325